000 00474pab a2200169 454500
008 180718b1995 xxu||||| |||| 00| 0 eng d
100 _aGidadhubli, R.G.
245 _aIndia's exports to Russia
_bcomplexities and contradictions.
260 _c1995
300 _ap.1780-782
362 _a4 Nov
650 _aRussia - Commerce - India
650 _aIndia - Commerce - Russia
650 _aInternational trade
773 _aEconomic and Political Weekly
909 _a30289
999 _c30289
_d30289